000 01620nam a2200301Ia 4500
999 _c37596
_d37596
001 3568
003 GE_BSU
005 20190528181819.0
008 181216s2008||||ge |||||||||||||| ||geo||
020 _a9789941127199
040 _cGE_BSU
041 _ageo
080 _a537.1(072) ტ-50
245 _aტესტირება წრფივი ელექტრული წრედების თეორიაში,ელექტროტექნიკის თეორიულ საფუძვლებში და ზოგად ელექტროტექნიკაში :
_bმეთოდური მითითებანი(სახელმძღვანელო) /
_cბ. კუტუბიძე ; ო. ჯანელიძე ; ო. სურმანიძე ; ლ. თურმანიძე ; ე. მსხალაძე ; რედ : მ. დონაძე.
264 _aთბილისი :
_bუნივერსალი,
_c2008.
300 _a108 გვ .:
_bილ ;
_c29 სმ.
504 _aბიბლიოგრ.:გვ.107
653 _aელექტროობა
653 _aმაგნეტიზმი
653 _aელექტრომაგნეტიზმი
700 _aკუტუბიძე, ბ
_91745
700 _aჯანელიძე, ო
_91746
700 _aსურმანიძე, ო
_91755
700 _aთურმანიძე, ლ
_91756
700 _aმსხალაძე, ე
_91757
700 _aდონაძე, მ
_eრედაქტორი
_91758
942 _cBK
_2udc